000 00500nam a2200181 4500
001 144363
003 ES-MaACL
005 20260213163144.0
007 t|
008 070214s1966 sp r ||||1| spa d
100 1 _aSignes, Miguel.
_9106310
245 1 0 _aPantano
_b: novela /
_cMiguel Signes.
260 _aAlicante :
_bCaja de Ahorros del Sureste de EspaƱa,
_c1966.
300 _a271 p. ;
_c22 cm.
700 2 _a
_9242804
852 _aES-MaACL
_jC-30953
_bR.61346
999 _c144363
_d144363